Dynastie Habsburků v reáliích německy hovořících zemí

Historický a interkultúrny význam habsburskej dynastie, obzvlášť Rakúskeho domu, z hľadiska nemeckých reálií.

Gespeichert in:
Bibliographische Detailangaben
1. Verfasser: Maier, Tomas, 1965-
Format: Buchkapitel
Sprache:Tschechisch
Schlagworte:
Tags: Tag hinzufügen
Keine Tags, Fügen Sie das erste Tag hinzu!

MARC

LEADER 00000nla a2200000 4500
001 0200519
005 20240502073406.0
041 0 |a cze 
044 |a SK 
245 1 0 |a Dynastie Habsburků v reáliích německy hovořících zemí  |c Tomas Maier 
520 |a Historický a interkultúrny význam habsburskej dynastie, obzvlášť Rakúskeho domu, z hľadiska nemeckých reálií. 
610 2 0 |a dejiny 
610 2 0 |a história 
610 2 0 |a monarchia 
610 2 0 |a reálie 
610 2 0 |a Rakúsko 
610 2 0 |a Európa 
100 1 |a Maier, Tomas, 1965-